000 00520nam a22001937a 4500
005 20251108164226.0
008 250721s1994 xx 000 0 ara d
082 1 4 _a618.2/حسا
100 1 _aجعفر، حسان
245 1 0 _aالولادة /
264 1 _aبيروت :
_bدار المناهل للتوزيع،
_c1994.
300 _a288ص
650 1 7 _aالحمل
650 1 7 _aالولادة
650 1 7 _aالأمراض النسائية
700 1 _aجعفر، غسان
942 _2ddc
_cBK
999 _c6844
_d6844